Datum a čas kvízu
39
Celkem bodů
Celkový počet nahraných bodů na tomto kvízu bez doplňovacích otázek.
1.
Pořadí na kvízu
Konečné umístění týmu na tomto kvízu.
Zaznamenané odpovědi
| # | Otázka | Odpověď | Body | Výsledky |
|---|---|---|---|---|
| 1. | Minulý týden zaplnily internet... | A | 1 | |
| 2. | V úterý přijali europoslanci p... | USB-C, 2024 | 1 | |
| 3. | Minulý týden proběhlo internet... | Bílý balet | 1 | |
| 4. | Nobelovu cenu za fyziku letos... | C) teleportace | 1 | |
| 5. | Minulý týden hostila pražská O... | San Jose Sharks, Nashville Predators | 1 | |
| 6. | Podívejme se nejprve na velblo... | C | 0 | |
| 7. | Přiřaďte správné výrazy k jeji... | 1B 2A 3C 4D | 1 | |
| 8. | Výraz dromedár má původ v řečt... | A | 0 | |
| 9. | Ve kterém filmu se objevuje uč... | Čtyři vraždy stačí, drahoušku | 1 | |
| 10. | Velblouda má ve znaku město Pl... | husitům (sirotkům) | 1 |